Southville International School and Colleges
Your cart is empty.
  • Cart
  • Lists
    Public lists Eva Luna New books Lux_list list_1
    Your lists Log in to create your own lists
  • Log in to your account
  • Your cookies
  • Search history
Southville International School and Colleges
  • Advanced search
  • Recent comments
  • Most popular
  • Libraries

Log in to your account

Log in with GOOGLE


If you do not have an external account, but do have a local account, you can still log in:

  1. Home
  2. MARC view: Riches in niches :
Normal view MARC view ISBD view

Riches in niches : (Record no. 283323)

[ view plain ]
MARC details
000 -LEADER
fixed length control field 00565nam a2200169Ia 4500
008 - FIXED-LENGTH DATA ELEMENTS--GENERAL INFORMATION
fixed length control field 150223s9999 xx 000 0 und d
020 ## - INTERNATIONAL STANDARD BOOK NUMBER
International Standard Book Number 9780071327053
050 ## - LIBRARY OF CONGRESS CALL NUMBER
Classification number HD 62.5
Item number .F744 2007
100 ## - MAIN ENTRY--PERSONAL NAME
Personal name Freidmann, Susan.
245 ## - TITLE STATEMENT
Title Riches in niches :
Remainder of title how to make it big in a small market /
Statement of responsibility, etc Susan Freidmann.
250 ## - EDITION STATEMENT
Edition statement International Ed. 2011
260 ## - PUBLICATION, DISTRIBUTION, ETC. (IMPRINT)
Place of publication, distribution, etc USA :
Name of publisher, distributor, etc Career Press,
Date of publication, distribution, etc 2007
300 ## - PHYSICAL DESCRIPTION
Extent 256 pages :
Dimensions 21 cm.
504 ## - BIBLIOGRAPHY, ETC. NOTE
Bibliography, etc Includes epilogue, reccomended resources and Index.
650 ## - SUBJECT ADDED ENTRY--TOPICAL TERM
Topical term or geographic name as entry element Entrepreneurship.
650 ## - SUBJECT ADDED ENTRY--TOPICAL TERM
Topical term or geographic name as entry element New business enterprises

No items available.

Riches in niches :

APA

Freidmann S., . (2007). Riches in niches. USA: Career Press.

Chicago

Freidmann Susan, . 2007. Riches in niches. USA: Career Press.

Harvard

Freidmann S., . (2007). Riches in niches. USA: Career Press.

MLA

Freidmann Susan, . Riches in niches. USA: Career Press. 2007.

  • Print
  • Cite
  • Add to your cart (remove)
  • Save record
    BIBTEX Dublin Core MARCXML MARC (non-Unicode/MARC-8) MARC (Unicode/UTF-8) MARC (Unicode/UTF-8, Standard) MODS (XML) RIS
  • More searches
    Search for this title in:
    Other Libraries (WorldCat) Other Databases (Google Scholar) Online Stores (Bookfinder.com) Open Library (openlibrary.org)

Exporting to Dublin Core...

SOUTHVILLE LIBRARY

Southville International School and Colleges Library

1281 Tropical Ave. Cor. Luxembourg St., BF Homes International, Las Pinas City

Tel. No. 8256374 / 252358 Loc. 117/146

Powered by Koha